000 00498nam a22001937a 4500
003 MPLRDC
005 20220104124433.0
008 210129b ||||| |||| 00| 0 eng d
020 _a983-50-1118-4
082 _a859.6 DSN v.2
100 _a吉纳. 英戈利亚根据电影改编
245 _a钟楼驼侠
_c
250 _a初版
260 _a
_b彩虹出版有限公司
_c1996
300 _b
490 _a迪斯尼小英杰故事
650 _a儿童故事
942 _cBK
_o859.6 DSN v.2
999 _c19321
_d19311